AH International Schools' Libraries

Kristy and the walking disaster / (Record no. 47510)

MARC details
000 -LEADER
fixed length control field 01217nam a22001815i 4500
008 - FIXED-LENGTH DATA ELEMENTS--GENERAL INFORMATION
fixed length control field 230929s2024 nyu j 000 0 eng
020 ## - INTERNATIONAL STANDARD BOOK NUMBER
International Standard Book Number 9781338835557
Qualifying information (paperback)
100 1# - MAIN ENTRY--PERSONAL NAME
Personal name Martin, Ann M.,
Relator term author.
245 10 - TITLE STATEMENT
Title Kristy and the walking disaster /
Statement of responsibility, etc Ann M. Martin, Ellen T. Crenshaw.
260 ## - PUBLICATION, DISTRIBUTION, ETC. (IMPRINT)
Place of publication, distribution, etc New York:
Name of publisher, distributor, etc Scholastic;
Date of publication, distribution, etc 2024.
300 ## - PHYSICAL DESCRIPTION
Extent 148 p.
Dimensions 20 cm.
Other physical details col. ill.
490 0# - SERIES STATEMENT
Series statement The baby-sitters club graphics; Bk.16
520 ## - SUMMARY, ETC.
Summary, etc "They're lean, they're mean, they're the pride of Stoneybrook. Who are they? They're Kristy's Krushers! When Kristy sees how much her little brothers and sister want to play on a softball team, she starts a ragtag team of her own. Maybe Kristy's Krushers aren't world champions (how could they be, with Jackie Rodowsky, walking disaster, playing for them?), but nobody beats them when it comes to team spirit. Now Bart's Bashers have challenged the Krushers to a game. It's bad enough that the Bashers truly are lean and mean -- but what's worse is that Kristy has a crush on the Bashers' coach!"--
650 ## - SUBJECT ADDED ENTRY--TOPICAL TERM
Topical term or geographic name as entry element Baby sitters.
Form subdivision Fiction.
9 (RLIN) 85451
655 ## - INDEX TERM--GENRE/FORM
Genre/form data or focus term Comics and graphics.
9 (RLIN) 85452
700 1# - ADDED ENTRY--PERSONAL NAME
Personal name Crenshaw, Ellen T.,
Relator term illustrator.
9 (RLIN) 85453
942 ## - ADDED ENTRY ELEMENTS (KOHA)
Source of classification or shelving scheme
Koha item type Books/GRAPHICS
Holdings
Withdrawn status Lost status Source of classification or shelving scheme Damaged status Not for loan Collection code Home library Current library Date acquired Total Checkouts Full call number Barcode Date last seen Date checked out Price effective from Koha item type
          SECONDARY Asian Hope Secondary Library Asian Hope Secondary Library 10/07/2024 18 J GRAPHIX MAR BK.16 206144 04/28/2026 04/21/2026 10/07/2024 Books/GRAPHICS

For any Logos Library related questions please contact Miss Art at swongnarasuk@asianhope.org.

For any Asian Hope Library related questions please contact Miss Raza at graza@asianhope.org.

Powered by Koha